Flagi wybranych państw #1 - Statystyki

Ogólne statystyki
  • Ten quiz został rozwiązany 5 700 razy
  • Średni wynik to 19 z 20
Statystyki odpowiedzi
Obrazkowy Odpowiedź % Poprawnych
Stany Zjednoczone
100%
Brazylia
99%
Chiny
99%
Francja
99%
Japonia
99%
Kanada
99%
Rosja
99%
Wielka Brytania
99%
Włochy
99%
Grecja
98%
Norwegia
98%
Szwecja
98%
Australia
97%
Holandia
97%
Irlandia
97%
Izrael
97%
Meksyk
96%
Jamajka
93%
Republika Południowej Afryki
93%
Iran
92%
Nie znaleziono quizów pasujących do podanych kryteriów
Rozkład punktacji
Procent ludzi z każdym wynikiem
Percentyl według liczby udzielonych odpowiedzi
Twoja historia wyników
Nie rozwiązałeś tego quizu